Tulanamulak bharatiya sahitya (Record no. 3275)

MARC details
000 -LEADER
fixed length control field 00561cam a2200217ua 4500
001 - CONTROL NUMBER
control field 3434
005 - DATE AND TIME OF LATEST TRANSACTION
control field 20260515113658.0
008 - FIXED-LENGTH DATA ELEMENTS--GENERAL INFORMATION
fixed length control field 150730n ii |||gr||||Z||||||asm
020 ## - INTERNATIONAL STANDARD BOOK NUMBER
International Standard Book Number 81-7339-188-2
040 ## - CATALOGING SOURCE
Transcribing agency MAIN
041 ## - LANGUAGE CODE
Language code of text/sound track or separate title asm
082 ## - DEWEY DECIMAL CLASSIFICATION NUMBER
Classification number 809
100 ## - MAIN ENTRY--PERSONAL NAME
Personal name Bezbora, Nirajana Mahanta,
Relator term Author.
245 ## - TITLE STATEMENT
Title Tulanamulak bharatiya sahitya
Statement of responsibility, etc. by Nirajana Mahanta Bezbora
250 ## - EDITION STATEMENT
Edition statement 1st.
260 ## - PUBLICATION, DISTRIBUTION, ETC.
Place of publication, distribution, etc. Dibrugarh:
Name of publisher, distributor, etc. Banalata,999.
300 ## - PHYSICAL DESCRIPTION
Extent 142p:
Dimensions 23cm.
653 ## - INDEX TERM--UNCONTROLLED
Uncontrolled term Assamese literature
653 ## - INDEX TERM--UNCONTROLLED
Uncontrolled term Tulanamulak bharatiya sahitya
942 ## - ADDED ENTRY ELEMENTS (KOHA)
Koha item type Books
Holdings
Withdrawn status Lost status Damaged status Not for loan Home library Current library Shelving location Date acquired Total checkouts Full call number Barcode Date last seen Date last checked out Copy number Price effective from Koha item type
        Naharkatiya College Library Naharkatiya College Library General stacks 09/19/2020 1 809 | BEZ 8066 01/25/2024 01/10/2024 3 09/19/2020 Books
        Naharkatiya College Library Naharkatiya College Library General stacks 09/19/2020 8 809 | BEZ 8067 03/22/2024 03/02/2024 4 09/19/2020 Books
        Naharkatiya College Library Naharkatiya College Library General stacks 09/19/2020 10 809 | BEZ 8068 09/18/2024 09/07/2024 5 09/19/2020 Books
        Naharkatiya College Library Naharkatiya College Library General stacks 09/19/2020 15 809 | BEZ 9751 08/28/2025 11/09/2024 8 09/19/2020 Books
        Naharkatiya College Library Naharkatiya College Library General stacks 09/19/2020 10 809 | BEZ 9752 10/22/2024 09/17/2024 7 09/19/2020 Books
        Naharkatiya College Library Naharkatiya College Library General stacks 09/19/2020 7 809 | BEZ 9753 03/04/2024 02/12/2024 6 09/19/2020 Books
        Naharkatiya College Library Naharkatiya College Library General stacks 09/19/2020 25 809 | BEZ 9754 12/04/2025 11/29/2025 1 09/19/2020 Books
        Naharkatiya College Library Naharkatiya College Library General stacks 09/19/2020 23 809 | BEZ 9755 12/01/2025 11/29/2025 2 09/19/2020 Books